Biggest villages and towns of Belgium - Statistics

General Stats
  • This quiz has been taken 12 times
  • The average score is 31 of 83
Answer Stats
Province Population Town % Correct
West-Vlaanderen 106.158 Brugge
100%
Bruxelles 101.033 Bruxelles
100%
Limburg 67.877 Genk
100%
Antwerpen 505.575 Antwerpen
92%
Oost-Vlaanderen 225.080 Gent
92%
Liège 160.923 Liège
92%
Limburg 51.746 Hasselt
83%
Vlaams-Brabant 89.793 Leuven
83%
Antwerpen 71.908 Mechelen
83%
Hainaut 29.238 Mons
83%
West-Vlaanderen 72.586 Oostende
83%
Hainaut 143.830 Charleroi
67%
West-Vlaanderen 43.969 Kortrijk
67%
Antwerpen 38.534 Mol
67%
Namur 80.275 Namur
67%
Brabant Wallon 30.596 Waterloo
67%
Bruxelles 126.581 Anderlecht
58%
West-Vlaanderen 20.656 Ieper
58%
Bruxelles 98.365 Molenbeek-Saint-Jean
58%
Oost-Vlaanderen 58.359 Sint-Niklaas
58%
Antwerpen 47.305 Turnhout
58%
Oost-Vlaanderen 49.191 Aalst
50%
Antwerpen 33.771 Lier
50%
West-Vlaanderen 49.347 Roeselare
50%
Bruxelles 130.405 Schaerbeek
50%
Hainaut 30.118 Tournai
50%
West-Vlaanderen 24.656 Waregem
50%
Brabant Wallon 21.131 Wavre
50%
Bruxelles 25.787 Berchem-Sainte-Agathe
42%
Antwerpen 34.870 Brasschaat
42%
Vlaams-Brabant 27.764 Halle
42%
Oost-Vlaanderen 26.740 Oudenaarde
42%
Limburg 24.624 Sint-Truiden
42%
Oost-Vlaanderen 21.519 Beveren
33%
Liège 28.500 Herstal
33%
Bruxelles 54.107 Jette
33%
Hainaut 22.121 La Louvière
33%
Brabant Wallon 26.004 Nivelles
33%
Bruxelles 49.293 Saint-Gilles
33%
Liège 35.640 Seraing
33%
Oost-Vlaanderen 20.953 Temse
33%
Liège 27.178 Verviers
33%
Vlaams-Brabant 44.481 Vilvoorde
33%
Oost-Vlaanderen 22.401 Eeklo
25%
Antwerpen 29.158 Ekeren
25%
Antwerpen 39.290 Geel
25%
West-Vlaanderen 22.684 Harelbeke
25%
Bruxelles 89.278 Ixelles
25%
Oost-Vlaanderen 36.454 Lokeren
25%
Hainaut 37.615 Mouscron
25%
Brabant Wallon 20.681 Ottignies-Louvain-la-Neuve
25%
Antwerpen 34.641 Schoten
25%
Vlaams-Brabant 23.205 Tienen
25%
Bruxelles 86.806 Uccle
25%
Bruxelles 35.350 Auderghem
17%
Brabant Wallon 31.728 Braine-l'Alleud
17%
Vlaams-Brabant 20.275 Dilbeek
17%
Antwerpen 23.009 Edegem
17%
Bruxelles 45.234 Evere
17%
Bruxelles 58.044 Forest
17%
Bruxelles 25.564 Ganshoren
17%
Oost-Vlaanderen 20.847 Hamme
17%
Limburg 34.913 Lommel
17%
West-Vlaanderen 20.858 Menen
17%
Oost-Vlaanderen 27.356 Ronse
17%
Bruxelles 26.895 Saint-Josse-ten-Noode
17%
Oost-Vlaanderen 23.236 Wetteren
17%
Bruxelles 60.771 Woluwe-Saint-Lambert
17%
Bruxelles 42.571 Woluwe-Saint-Pierre
17%
Bruxelles 49.775 Etterbeek
8%
Antwerpen 21.363 Herentals
8%
Limburg 23.978 Houthalen
8%
Antwerpen 27.771 Kapellen
8%
Bruxelles 22.648 Koekelberg
8%
Bruxelles 64.360 Laken
8%
Antwerpen 26.588 Mortsel
8%
Vlaams-Brabant 25.970 Overijse
8%
Bruxelles 25.295 Watermael-Boitsfort
8%
Oost-Vlaanderen 21.501 Zele
8%
West-Vlaanderen 25.943 Izegem
0%
Bruxelles 22.689 Neder-Over-Heembeek
0%
Vlaams-Brabant 24.501 Sint-Pieters-Leeuw
0%
Limburg 21.845 Zonhoven
0%
No matching quizzes found
Score Distribution
Percent of People with Each Score
Percentile by Number Answered
Your Score History
You have not taken this quiz